Podział administracyjny Litwy - Statystyki

Ogólne statystyki
  • Ten quiz został rozwiązany 4 razy
  • Średni wynik to 4 z 10
Statystyki odpowiedzi
Obrazkowy Odpowiedź % Poprawnych
Szawelski
100%
Kowieński
50%
Mariampolski
50%
Olicki
50%
Poniewieski
50%
Uciański
50%
Wileński
50%
Kłajpedzki
0%
Tauroski
0%
Telszański
0%
Nie znaleziono quizów pasujących do podanych kryteriów
Rozkład punktacji
Procent ludzi z każdym wynikiem
Percentyl według liczby udzielonych odpowiedzi
Twoja historia wyników
Nie rozwiązałeś tego quizu